| 000 | 00698nam#a22002655a#4500 | ||
|---|---|---|---|
| 001 | 350 | ||
| 008 | 060801s1982####ag#a###d######001#0#spa#d | ||
| 245 | 1 | 0 |
_aFísica l : _bproblemas de física primera parte / _cHector Fernandez Serventi. |
| 250 | _a1ª ed. | ||
| 260 |
_aBuenos Aires : _bLosada, _c1982. |
||
| 300 |
_a427 p. : _bil. ; _c16 cm. |
||
| 521 | _aCuarto año de Escuelas Nacionales | ||
| 020 | _a9500362287 | ||
| 100 | 1 | _aServenti, Hector Fernandez. | |
| 080 | _a53 | ||
| 084 | _aF38-S42 | ||
| 653 | _aFísica | ||
| 653 | _aFuerzas paralelas | ||
| 653 | _aPalanca | ||
| 653 | _aLeyes | ||
| 040 |
_aAR-ClEAG _cAR-ClEAG |
||
| 005 | 20241107184632.0 | ||
| 003 | AR-ClEAG | ||
| 942 | _cBK | ||
| 999 |
_c350 _d350 |
||
| 980 |
_62 _aEvangelina Gallicchio _82 _gEvangelina Gallicchio |
||